|
|
|
|
| LEADER |
00000cam a2200000 4500 |
| 001 |
vtls010626147 |
| 003 |
SK-MaSNL |
| 005 |
20260426012932.0 |
| 008 |
141006s2014 xr f vn 001 0 slo |
| 015 |
|
|
|a SNBZSA2023/11
|
| 020 |
|
|
|a 9788075020260
|q (viazané)
|
| 040 |
|
|
|a SNK
|b slo
|c SNK
|e rda
|
| 041 |
0 |
|
|a slo
|
| 043 |
|
|
|a e-xo---
|
| 044 |
|
|
|a xr
|c CZ
|
| 072 |
|
7 |
|a 347.7
|x Obchodné právo. Finančné právo. Právo priemyselného vlastníctva. Patentové právo. Autorské právo
|2 konspekt
|
| 080 |
|
|
|a 347.74/.76
|2 2001
|
| 080 |
|
|
|a 347.51
|2 2011
|
| 080 |
|
|
|a (437.6)
|2 2011
|
| 080 |
|
|
|a (048.8)
|2 2011
|
| 100 |
1 |
|
|a Treščáková, Diana,
|d 1983-
|4 aut
|9 445730
|
| 245 |
1 |
0 |
|a Zodpovednosť za porušenie záväzkov v obchodnom práve
|b vedecká monografia
|c Diana Treščáková
|
| 250 |
|
|
|a Vydání první
|
| 264 |
|
1 |
|a Praha
|b Leges
|c 2014
|
| 300 |
|
|
|a 206 strán
|c 21 cm
|
| 336 |
|
|
|a text
|b txt
|2 rdacontent
|
| 337 |
|
|
|a bez média
|b n
|2 rdamedia
|
| 338 |
|
|
|a zväzok
|b nc
|2 rdacarrier
|
| 490 |
1 |
|
|a Teoretik
|
| 504 |
|
|
|a Obsahuje bibliografiu na strane 186-199, bibliografické odkazy a register
|
| 650 |
0 |
7 |
|a obchodné záväzky
|2 SNKPH
|9 4631
|
| 650 |
0 |
7 |
|a právna zodpovednosť
|2 SNKPH
|9 4534
|
| 650 |
0 |
7 |
|a Commercial obligations
|2 SNKPHeng
|9 357677
|
| 650 |
0 |
7 |
|a Legal responsibility
|2 SNKPHeng
|9 303004
|
| 651 |
|
7 |
|a Slovensko
|2 SNKPHgeo
|9 14231
|
| 651 |
|
7 |
|a Slovakia
|2 SNKPHeng
|9 92630
|
| 655 |
|
7 |
|a monografie
|2 SNKPH
|9 70139
|
| 655 |
|
7 |
|a Monographs
|2 SNKPHeng
|9 120675
|
| 830 |
|
0 |
|a Teoretik
|9 275685
|
| 852 |
|
|
|a Slovenská národná knižnica
|
| 919 |
|
|
|a 978-80-7502-026-0
|
| 954 |
|
|
|a odborná, vedecká literatúra pôvodná (slovenská)
|2 lita
|
| 958 |
|
|
|a ZS
|
| 958 |
|
|
|a NB
|
| 999 |
|
|
|c 1109847
|d 1111777
|
| 952 |
|
|
|a SNK
|b SNK
|y PREZ
|7 0
|p 17A1538987
|o snkSC 204215
|i snk2023/16463
|8 4
|g 12.17
|0 0
|1 0
|4 0
|d 2022-06-06
|l 0
|r 2025-10-28 00:00:00
|w 2026-02-24
|